000 00203pam a2200121 a 4500
020 _c
041 _h
100 _aCPR
245 _aEco-Clubs
300 _a3
653 _aEnvironment
930 _a943
999 _c246796
_d246796